000 00470nam a2200157 i 4500
001 26234
003 ES-MaACL
005 20230906153416.0
007 t|
008 030108s1942 gw ||||1| ger d
100 1 _aAssmann, Herbert.
_923658
245 1 0 _aLehvbuch der inneven Medizin /
_cvon Herbert Assmann ; fünfte ungearbeirtete und erganrte aunflage.
260 _aBerlin :
_bSpringev,
_c1942.
300 _a2 v. ;
_c26 cm.
852 _aES-MaACL
_jE-15-16
_bR.21132
999 _c26234
_d26234